[Event "SWE-ch U20"]
[Site "Stockholm"]
[Date "2017.07.13"]
[Round "6"]
[White "Seo, Jung Min"]
[Black "Tuomainen, Felix"]
[Result "1/2-1/2"]
[WhiteElo "2270"]
[BlackElo "2294"]
[PlyCount "134"]
[EventDate "2017.07.08"]
[EventType "swiss"]
[EventRounds "9"]
[EventCountry "SWE"]
[SourceTitle "EXT 2018"]
[Source "ChessBase"]
[SourceDate "2017.10.13"]
[SourceVersion "1"]
[SourceVersionDate "2017.10.13"]
[SourceQuality "1"]
1. d4 Nf6 2. c4 e6 3. Nf3 d5 4. Bg5 Be7 5. e3 O-O 6. Nc3 h6 7. Bh4 Ne4 8. Bxe7
Qxe7 9. Bd3 Nxc3 10. bxc3 dxc4 11. Bxc4 b6 12. O-O Bb7 13. Qe2 Nd7 14. a4 e5
15. Ba6 Bxa6 16. Qxa6 exd4 17. cxd4 c5 18. Rfc1 cxd4 19. exd4 Nf6 20. Re1 Qd7
21. h3 Nd5 22. Re5 Rfd8 23. Rae1 Nc7 24. Qc4 Ne6 25. R5e4 Qd5 26. Qa6 Nc7 27.
Qd3 Ne6 28. Qa6 Nc7 29. Qd3 Ne6 30. Qe3 Rac8 31. Re5 Qc4 32. Re4 Qc3 33. Re5
Qxe3 34. fxe3 Rc2 35. a5 Rdc8 36. axb6 axb6 37. Rd1 Rb2 38. d5 Nc5 39. d6 Ne6
40. d7 Rd8 41. Red5 Rc2 42. Rd6 Rc7 43. Ne5 Nc5 44. Rxb6 f6 45. Nc6 Rcxd7 46.
Rd4 Ne6 47. Nxd8 Nxd4 48. exd4 Rxd8 49. Rb4 Kf7 50. Kf2 Rd5 51. Rb7+ Kg6 52.
Ke3 Rg5 53. g4 h5 54. Kf4 hxg4 55. hxg4 Rd5 56. Ke4 Rg5 57. Kf4 Rd5 58. Rb4 Kf7
59. Rc4 Kg6 60. Ke3 Rg5 61. Kf3 Rd5 62. Kf4 Kf7 63. Ke4 Rg5 64. Rc7+ Ke6 65.
Kf4 Rd5 66. Rxg7 Rxd4+ 67. Kg3 Rd3+ 1/2-1/2

[Event "SWE-ch U20"]
[Site "Stockholm"]
[Date "2017.07.13"]
[Round "6"]
[White "Sorensen, Hampus"]
[Black "Storme, Isak"]
[Result "1/2-1/2"]
[WhiteElo "2137"]
[BlackElo "2129"]
[PlyCount "91"]
[EventDate "2017.07.08"]
[EventType "swiss"]
[EventRounds "9"]
[EventCountry "SWE"]
[SourceTitle "EXT 2018"]
[Source "ChessBase"]
[SourceDate "2017.10.13"]
[SourceVersion "1"]
[SourceVersionDate "2017.10.13"]
[SourceQuality "1"]
1. d4 Nf6 2. c4 e6 3. Nf3 c5 4. d5 exd5 5. cxd5 d6 6. Nc3 g6 7. h3 a6 8. a4 Qe7
9. Bg5 Bg7 10. e4 h6 11. Bxf6 Bxf6 12. Bd3 O-O 13. O-O Nd7 14. Qc2 Ne5 15. Nxe5
Bxe5 16. f4 Bd4+ 17. Kh1 f5 18. Rae1 Qf6 19. exf5 Bxf5 20. Ne4 Qh4 21. Kh2 Rae8
22. Ng3 Rxe1 23. Rxe1 Qxf4 24. Rf1 Qe5 25. b3 Bxd3 26. Rxf8+ Kxf8 27. Qxd3 Qe3
28. Qxe3 Bxe3 29. Ne4 Bf4+ 30. Kg1 Ke7 31. Kf2 Kd7 32. Kf3 Be5 33. a5 Kc7 34.
Nd2 Kd7 35. Ne4 Ke7 36. Nd2 Bc3 37. Nc4 Bd4 38. Ke4 Bc3 39. Kd3 Be1 40. Ke2 Bg3
41. Kf3 Bh2 42. Kf2 Bf4 43. Kf3 Bh2 44. Kf2 Bf4 45. Kf3 Bh2 46. Ke4 1/2-1/2

[Event "SWE-ch U20"]
[Site "Stockholm"]
[Date "2017.07.12"]
[Round "5"]
[White "Bit Narva, David"]
[Black "Grueso Cordoba, Santiago"]
[Result "1/2-1/2"]
[WhiteElo "2140"]
[BlackElo "2108"]
[PlyCount "69"]
[EventDate "2017.07.08"]
[EventType "swiss"]
[EventRounds "9"]
[EventCountry "SWE"]
[SourceTitle "EXT 2018"]
[Source "ChessBase"]
[SourceDate "2017.10.13"]
[SourceVersion "1"]
[SourceVersionDate "2017.10.13"]
[SourceQuality "1"]
1. e4 c5 2. Nf3 d6 3. d4 cxd4 4. Nxd4 Nf6 5. Nc3 a6 6. Nb3 e5 7. Bg5 Be7 8.
Bxf6 Bxf6 9. Nd5 O-O 10. Be2 Bg5 11. O-O Be6 12. a4 Nd7 13. a5 Rc8 14. Nd2 Bxd5
15. exd5 Bxd2 16. Qxd2 f5 17. b4 e4 18. f3 exf3 19. Rxf3 Ne5 20. Rb3 Qh4 21.
Rf1 Qe4 22. c3 Nc4 23. Bxc4 Qxc4 24. Ra3 Rce8 25. Qa2 Qxa2 26. Rxa2 Re5 27. Rd2
Rc8 28. Rd3 g6 29. Rb1 Rce8 30. Rdd1 Re2 31. c4 Rc2 32. Rbc1 Rb2 33. Rb1 Rc2
34. Rbc1 Rb2 35. Rb1 1/2-1/2

[Event "SWE-ch U20"]
[Site "Stockholm"]
[Date "2017.07.12"]
[Round "5"]
[White "Storme, Isak"]
[Black "Berglind, Axel"]
[Result "1-0"]
[WhiteElo "2129"]
[BlackElo "2150"]
[PlyCount "59"]
[EventDate "2017.07.08"]
[EventType "swiss"]
[EventRounds "9"]
[EventCountry "SWE"]
[SourceTitle "EXT 2018"]
[Source "ChessBase"]
[SourceDate "2017.10.13"]
[SourceVersion "1"]
[SourceVersionDate "2017.10.13"]
[SourceQuality "1"]
1. e4 c5 2. Nf3 d6 3. d4 cxd4 4. Nxd4 Nf6 5. Nc3 a6 6. Bg5 e6 7. f4 Qb6 8. Qd2
Qxb2 9. Rb1 Qa3 10. e5 dxe5 11. fxe5 Nfd7 12. Ne4 h6 13. Bh4 Qxa2 14. Rd1 Qd5
15. Qe3 Qxe5 16. Be2 Nc6 17. Nxc6 bxc6 18. O-O Be7 19. Bxe7 Kxe7 20. Qa3+ c5
21. Nd6 f5 22. Rfe1 Nf6 23. Bf3 Ne4 24. Nxe4 fxe4 25. Rxe4 Qc7 26. Rg4 g5 27.
Bxa8 e5 28. Rc4 Be6 29. Bd5 Rd8 30. Qxc5+ 1-0

[Event "SWE-ch U20"]
[Site "Stockholm"]
[Date "2017.07.12"]
[Round "5"]
[White "Tuomainen, Felix"]
[Black "Pantzar, Milton"]
[Result "1/2-1/2"]
[WhiteElo "2294"]
[BlackElo "2313"]
[PlyCount "134"]
[EventDate "2017.07.08"]
[EventType "swiss"]
[EventRounds "9"]
[EventCountry "SWE"]
[SourceTitle "EXT 2018"]
[Source "ChessBase"]
[SourceDate "2017.10.13"]
[SourceVersion "1"]
[SourceVersionDate "2017.10.13"]
[SourceQuality "1"]
1. d4 Nf6 2. c4 c5 3. d5 b5 4. cxb5 a6 5. bxa6 g6 6. Nc3 Bg7 7. Nf3 O-O 8. e4
Qa5 9. a7 Qxa7 10. Be2 Ba6 11. O-O d6 12. a4 Nbd7 13. Bxa6 Qxa6 14. Nb5 Rfc8
15. Qc2 Ne8 16. Bd2 Rcb8 17. Ra3 Bxb2 18. Qxb2 Rxb5 19. Qc1 Rb7 20. Bc3 f6 21.
g3 Rab8 22. Qc2 Nb6 23. a5 Nd7 24. Kg2 Nc7 25. Raa1 Nb5 26. Qe2 Qa7 27. Bd2 Nd4
28. Nxd4 cxd4 29. Qg4 Nc5 30. h4 Qa6 31. Rad1 Rb2 32. Bc1 Qe2 33. Qxe2 Rxe2 34.
Rxd4 Ra8 35. Be3 Rxa5 36. Rb4 Kf7 37. Kf3 Rc2 38. Bxc5 Raxc5 39. Re1 Ra2 40.
Rb3 Rcc2 41. Rf1 Rd2 42. g4 f5 43. gxf5 gxf5 44. exf5 Rxd5 45. Kg4 Rc5 46. Re3
Ra4+ 47. f4 h5+ 48. Kxh5 Rxf5+ 49. Kg4 Rf6 50. h5 e5 51. Ref3 Ke6 52. Kg3 e4
53. Rb3 Rf8 54. h6 Rg8+ 55. Kh4 Ra2 56. Rh3 Kf5 57. Kh5 Ra5 58. Rhh1 Kf6+ 59.
Kh4 Rg6 60. h7 Ra8 61. Rd1 Kg7 62. f5 Rh6+ 63. Kg5 Rxh1 64. Rxh1 Rh8 65. Rd1
Rxh7 66. Rxd6 Rh1 67. Re6 Rg1+ 1/2-1/2

[Event "SWE-ch U20"]
[Site "Stockholm"]
[Date "2017.07.12"]
[Round "5"]
[White "Rydstrom, Tom"]
[Black "Sorensen, Hampus"]
[Result "1-0"]
[WhiteElo "2322"]
[BlackElo "2137"]
[PlyCount "79"]
[EventDate "2017.07.08"]
[EventType "swiss"]
[EventRounds "9"]
[EventCountry "SWE"]
[SourceTitle "EXT 2018"]
[Source "ChessBase"]
[SourceDate "2017.10.13"]
[SourceVersion "1"]
[SourceVersionDate "2017.10.13"]
[SourceQuality "1"]
1. e4 e6 2. d4 d5 3. Nc3 dxe4 4. Nxe4 Bd7 5. Nf3 Bc6 6. Bd3 Nd7 7. Qe2 Ngf6 8.
Bf4 Nxe4 9. Bxe4 Bxe4 10. Qxe4 c6 11. O-O-O Nf6 12. Qe2 Bd6 13. Be5 O-O 14. h4
Nd5 15. h5 f6 16. Bxd6 Qxd6 17. h6 g6 18. g3 Rfe8 19. Rhe1 Qf8 20. Qd2 Qb4 21.
c3 Qf8 22. c4 Nb6 23. c5 Nd7 24. Kb1 g5 25. Qb4 b6 26. Qb3 bxc5 27. Rxe6 Qf7
28. Rxc6 Qxb3 29. axb3 cxd4 30. Rxd4 Re7 31. Rc7 Rd8 32. Rxa7 Kf7 33. b4 Ke8
34. Nd2 Re1+ 35. Ka2 Rd1 36. Nb3 Rh1 37. Re4+ Kf8 38. Nd4 Kf7 39. Ne6 Re8 40.
Rxd7+ 1-0

[Event "SWE-ch U20"]
[Site "Stockholm"]
[Date "2017.07.12"]
[Round "5"]
[White "Kucuksari, Kaan"]
[Black "Seo, Jung Min"]
[Result "0-1"]
[WhiteElo "2301"]
[BlackElo "2270"]
[PlyCount "94"]
[EventDate "2017.07.08"]
[EventType "swiss"]
[EventRounds "9"]
[EventCountry "SWE"]
[SourceTitle "EXT 2018"]
[Source "ChessBase"]
[SourceDate "2017.10.13"]
[SourceVersion "1"]
[SourceVersionDate "2017.10.13"]
[SourceQuality "1"]
1. d4 Nf6 2. c4 e6 3. Nf3 b6 4. g3 Ba6 5. b3 Bb4+ 6. Bd2 Be7 7. Bg2 c6 8. O-O
d5 9. Bc3 Nbd7 10. Nbd2 Rc8 11. Re1 O-O 12. e4 Nxe4 13. Nxe4 dxe4 14. Rxe4 Bb7
15. Re3 Nf6 16. Qe2 Bd6 17. Ne5 Qc7 18. g4 c5 19. g5 Bxe5 20. dxe5 Nd7 21. Rd1
Bxg2 22. Kxg2 Rfe8 23. h4 Red8 24. Red3 Nf8 25. h5 Rxd3 26. Qxd3 Qe7 27. Qg3 b5
28. cxb5 Qb7+ 29. Qf3 Qxb5 30. Rd6 a5 31. Qd3 c4 32. bxc4 Rxc4 33. f3 Qc5 34.
Bd4 Qc8 35. Bf2 Rc3 36. Rd8 Qc6 37. Qe4 Qc7 38. Qa8 Qe7 39. Bh4 Rc4 40. Kh3 h6
41. f4 Rxf4 42. Bg3 Rf5 43. Qb8 Rxg5 44. Qd6 Rxh5+ 45. Kg2 Qb7+ 46. Kf2 Rf5+
47. Ke1 Qh1+ 0-1

[Event "SWE-ch U20"]
[Site "Stockholm"]
[Date "2017.07.11"]
[Round "4"]
[White "Pantzar, Milton"]
[Black "Kucuksari, Kaan"]
[Result "0-1"]
[WhiteElo "2313"]
[BlackElo "2301"]
[PlyCount "62"]
[EventDate "2017.07.08"]
[EventType "swiss"]
[EventRounds "9"]
[EventCountry "SWE"]
[SourceTitle "EXT 2018"]
[Source "ChessBase"]
[SourceDate "2017.10.13"]
[SourceVersion "1"]
[SourceVersionDate "2017.10.13"]
[SourceQuality "1"]
1. c4 c6 2. d4 d5 3. Nc3 Nf6 4. e3 e6 5. Nf3 Nbd7 6. Qc2 Bd6 7. b3 O-O 8. Be2
b6 9. O-O Bb7 10. Bb2 Qe7 11. Rad1 Rad8 12. Rfe1 Rfe8 13. Bf1 c5 14. cxd5 exd5
15. g3 Rc8 16. Bg2 Ne4 17. dxc5 Bxc5 18. Qd3 Bb4 19. Rc1 Ndc5 20. Qd4 Ne6 21.
Qd3 N6c5 22. Qd4 Ne6 23. Qd3 Qf6 24. Na4 Bxe1 25. Rxc8 Bxf2+ 26. Kf1 Rxc8 27.
Bxf6 Rc1+ 28. Ke2 gxf6 29. b4 d4 30. Nb2 Bxe3 31. Nd1 Rxd1 0-1

[Event "SWE-ch U20"]
[Site "Stockholm"]
[Date "2017.07.11"]
[Round "4"]
[White "Grueso Cordoba, Santiago"]
[Black "Storme, Isak"]
[Result "1-0"]
[WhiteElo "2108"]
[BlackElo "2129"]
[PlyCount "85"]
[EventDate "2017.07.08"]
[EventType "swiss"]
[EventRounds "9"]
[EventCountry "SWE"]
[SourceTitle "EXT 2018"]
[Source "ChessBase"]
[SourceDate "2017.10.13"]
[SourceVersion "1"]
[SourceVersionDate "2017.10.13"]
[SourceQuality "1"]
1. Nf3 c5 2. g3 Nc6 3. Bg2 g6 4. O-O Bg7 5. c4 Nh6 6. Nc3 O-O 7. d4 cxd4 8.
Bxh6 dxc3 9. Bxg7 Kxg7 10. b3 e6 11. Qc2 Qf6 12. Rfc1 d5 13. cxd5 exd5 14. Qxc3
d4 15. Qd2 Bg4 16. h3 Bxf3 17. Bxf3 Rad8 18. Bxc6 bxc6 19. Qd3 Rfe8 20. Kg2 Qe6
21. Rc2 Qd5+ 22. Qf3 Re4 23. Rac1 Qe5 24. Rc5 Rd5 25. Rxc6 Rxe2 26. Rc7 Qe4 27.
Rxf7+ Kh6 28. Qxe4 Rxe4 29. Kf3 Re6 30. Rcc7 d3 31. Rxh7+ Kg5 32. h4+ Kf5 33.
Rhd7 Red6 34. Rxd6 Rxd6 35. Rc5+ Kf6 36. Rc1 Ra6 37. Rd1 Rxa2 38. Rxd3 a5 39.
Rd6+ Kg7 40. Ra6 Ra3 41. Kg4 Rxb3 42. Rxa5 Rb7 43. h5 1-0

[Event "SWE-ch U20"]
[Site "Stockholm"]
[Date "2017.07.11"]
[Round "4"]
[White "Seo, Jung Min"]
[Black "Bit Narva, David"]
[Result "1-0"]
[WhiteElo "2270"]
[BlackElo "2140"]
[PlyCount "75"]
[EventDate "2017.07.08"]
[EventType "swiss"]
[EventRounds "9"]
[EventCountry "SWE"]
[SourceTitle "EXT 2018"]
[Source "ChessBase"]
[SourceDate "2017.10.13"]
[SourceVersion "1"]
[SourceVersionDate "2017.10.13"]
[SourceQuality "1"]
1. e4 c5 2. Nf3 d6 3. c3 Nf6 4. Be2 g6 5. O-O Bg7 6. Bb5+ Nbd7 7. Re1 O-O 8. d4
Qc7 9. d5 a6 10. Bd3 b5 11. a4 Rb8 12. axb5 axb5 13. Bg5 b4 14. Nbd2 bxc3 15.
bxc3 Nb6 16. Nc4 Nxc4 17. Bxc4 Nd7 18. Qc2 Nb6 19. Bf1 e6 20. dxe6 Bxe6 21. Qd2
Qd7 22. Bh6 d5 23. Bxg7 Kxg7 24. Qf4 dxe4 25. Ng5 Bf5 26. Qh4 h6 27. Nxe4 Qd8
28. Qg3 Bxe4 29. Rxe4 Qf6 30. Rae1 Nd5 31. Re5 Rfd8 32. Rxd5 Rxd5 33. Qxb8 Qxc3
34. Qb1 Rd4 35. Rc1 Qa3 36. Qc2 c4 37. Qc3 Qxc3 38. Rxc3 1-0

[Event "SWE-ch U20"]
[Site "Stockholm"]
[Date "2017.07.11"]
[Round "4"]
[White "Berglind, Axel"]
[Black "Rydstrom, Tom"]
[Result "1-0"]
[WhiteElo "2150"]
[BlackElo "2322"]
[PlyCount "135"]
[EventDate "2017.07.08"]
[EventType "swiss"]
[EventRounds "9"]
[EventCountry "SWE"]
[SourceTitle "EXT 2018"]
[Source "ChessBase"]
[SourceDate "2017.10.13"]
[SourceVersion "1"]
[SourceVersionDate "2017.10.13"]
[SourceQuality "1"]
1. d4 g6 2. Nf3 Bg7 3. g3 d6 4. Bg2 Nd7 5. O-O Ngf6 6. c4 O-O 7. b3 c6 8. Bb2
Qc7 9. Qc2 Re8 10. Nbd2 a5 11. h3 e5 12. dxe5 dxe5 13. Rad1 h6 14. e4 Nc5 15.
a3 b6 16. b4 Ncd7 17. Nh4 Nf8 18. Bc3 axb4 19. axb4 Ne6 20. Qb2 Nd4 21. Bxd4
exd4 22. e5 Rxe5 23. Ndf3 Re7 24. Nxd4 Bb7 25. c5 Rae8 26. Qb3 Kh7 27. b5 Ne4
28. Bxe4 Rxe4 29. cxb6 Qxb6 30. Qxf7 cxb5 31. Ndf5 Qf6 32. Qxf6 Bxf6 33. Rd7+
Be7 34. Rxb7 gxf5 35. Nxf5 Re5 36. g4 Kh8 37. Rb1 Bc5 38. R7xb5 h5 39. Kg2 hxg4
40. hxg4 Kh7 41. Rh1+ Kg6 42. Rh5 Kf6 43. Ng3 Bd4 44. Rb7 Rxh5 45. Nxh5+ Kg5
46. Rb4 Ba7 47. Kg3 Re1 48. f4+ Kg6 49. Rb2 Rg1+ 50. Rg2 Ra1 51. Kh3 Rh1+ 52.
Rh2 Ra1 53. Kh4 Bc5 54. f5+ Kf7 55. g5 Ra4+ 56. Kh3 Ra3+ 57. Kg4 Ra4+ 58. Kf3
Ra3+ 59. Ke4 Re3+ 60. Kd5 Be7 61. g6+ Kg8 62. Ra2 Ra3 63. Rxa3 Bxa3 64. f6 Bb2
65. Ke6 Bc3 66. f7+ Kf8 67. g7+ Bxg7 68. Nxg7 1-0

[Event "SWE-ch U20"]
[Site "Stockholm"]
[Date "2017.07.11"]
[Round "4"]
[White "Sorensen, Hampus"]
[Black "Tuomainen, Felix"]
[Result "1-0"]
[WhiteElo "2137"]
[BlackElo "2294"]
[PlyCount "65"]
[EventDate "2017.07.08"]
[EventType "swiss"]
[EventRounds "9"]
[EventCountry "SWE"]
[SourceTitle "EXT 2018"]
[Source "ChessBase"]
[SourceDate "2017.10.13"]
[SourceVersion "1"]
[SourceVersionDate "2017.10.13"]
[SourceQuality "1"]
1. d4 d5 2. c4 c6 3. Nf3 Nf6 4. Nc3 e6 5. e3 Nbd7 6. Bd3 dxc4 7. Bxc4 b5 8. Bd3
Bb7 9. O-O a6 10. e4 c5 11. d5 c4 12. Bc2 Qc7 13. dxe6 fxe6 14. Ne2 Bd6 15.
Ned4 Nc5 16. b4 Ncxe4 17. Nxe6 Qe7 18. Nfd4 Be5 19. Bxe4 Bxe4 20. f3 Bd3 21.
Re1 Qd6 22. Rxe5 Qxe5 23. Bf4 Qxd4+ 24. Nxd4 O-O 25. Ne6 Rfc8 26. Nc5 Bg6 27.
Bg5 Rd8 28. Qc1 Rd6 29. Bxf6 Rxf6 30. a4 Rd8 31. axb5 axb5 32. Qe3 Rfd6 33. Qe7
1-0

[Event "SWE-ch U20"]
[Site "Stockholm"]
[Date "2017.07.10"]
[Round "3"]
[White "Bit Narva, David"]
[Black "Pantzar, Milton"]
[Result "0-1"]
[WhiteElo "2140"]
[BlackElo "2313"]
[PlyCount "174"]
[EventDate "2017.07.08"]
[EventType "swiss"]
[EventRounds "9"]
[EventCountry "SWE"]
[SourceTitle "EXT 2018"]
[Source "ChessBase"]
[SourceDate "2017.10.13"]
[SourceVersion "1"]
[SourceVersionDate "2017.10.13"]
[SourceQuality "1"]
1. e4 e6 2. d4 d5 3. Nd2 Nf6 4. e5 Nfd7 5. c3 c5 6. Bd3 Nc6 7. Ndf3 f6 8. exf6
Nxf6 9. Ne2 Bd6 10. O-O O-O 11. Bg5 e5 12. dxe5 Nxe5 13. Nxe5 Bxe5 14. Nf4 Qd6
15. Nh5 Bxh2+ 16. Kh1 Ng4 17. Qe2 Ne5 18. f4 Nxd3 19. Qxd3 Bg4 20. Kxh2 Bxh5
21. Bh4 Rae8 22. Rae1 Bg6 23. Qd2 Rxe1 24. Bxe1 Be4 25. Bg3 Rf5 26. Re1 Qg6 27.
Qe3 Qg4 28. c4 Rh5+ 29. Kg1 Rh1+ 30. Kf2 Rxe1 31. Qxe1 Qd7 32. Qe3 b6 33. Kg1
h6 34. cxd5 Qxd5 35. Be1 Bxg2 36. Qe8+ Kh7 37. f5 Bf3 38. Qg6+ Kh8 39. Bc3 Qd1+
40. Kf2 Qe2+ 41. Kg1 Qe3+ 42. Kf1 Be2+ 43. Kg2 Qf3+ 44. Kh2 Qf2+ 45. Qg2 Qxg2+
46. Kxg2 Bd3 47. f6 gxf6 48. Bxf6+ Kg8 49. Be5 a6 50. Bc7 b5 51. Bd6 c4 52. Bb4
Kf7 53. Kg3 Ke6 54. Kf4 Kd5 55. a3 Be2 56. Ke3 Bd1 57. Bc3 h5 58. Bf6 Ke6 59.
Bd8 Kf5 60. Be7 Kg4 61. Bd6 Bf3 62. Bc7 Bc6 63. Kf2 h4 64. Bd6 h3 65. Bc7 Bb7
66. Bd6 a5 67. Kg1 Kf3 68. Kf1 Ke3 69. Kg1 Kd3 70. Kh2 Bc8 71. Be5 Kc2 72. Bc3
Kb3 73. Be5 b4 74. axb4 axb4 75. Bf6 c3 76. bxc3 bxc3 77. Bg5 c2 78. Bf4 Ka2
79. Be3 Kb1 80. Bf4 c1=R 81. Bxc1 Kxc1 82. Kg3 Kd2 83. Kf2 Bd7 84. Kf3 Ke1 85.
Kg3 Kf1 86. Kh2 Kf2 87. Kh1 Kg3 0-1

[Event "SWE-ch U20"]
[Site "Stockholm"]
[Date "2017.07.10"]
[Round "3"]
[White "Rydstrom, Tom"]
[Black "Storme, Isak"]
[Result "1-0"]
[WhiteElo "2322"]
[BlackElo "2129"]
[PlyCount "77"]
[EventDate "2017.07.08"]
[EventType "swiss"]
[EventRounds "9"]
[EventCountry "SWE"]
[SourceTitle "EXT 2018"]
[Source "ChessBase"]
[SourceDate "2017.10.13"]
[SourceVersion "1"]
[SourceVersionDate "2017.10.13"]
[SourceQuality "1"]
1. e4 c5 2. Nf3 Nc6 3. d4 cxd4 4. Nxd4 Nf6 5. Nc3 d6 6. Bc4 e6 7. Be3 a6 8. f4
Qc7 9. Bb3 Be7 10. Qe2 O-O 11. O-O Nxd4 12. Bxd4 b5 13. a3 Bb7 14. f5 e5 15.
Bf2 Rac8 16. Rad1 Qa5 17. Bh4 b4 18. axb4 Qxb4 19. Kh1 a5 20. Ra1 Rfe8 21. Bxf6
Bxf6 22. Ra4 Qb6 23. Rfa1 Rc5 24. Qh5 Re7 25. Re1 Bc6 26. Raa1 Qb4 27. Bd5 Bxd5
28. Nxd5 Rxd5 29. exd5 e4 30. c3 Qb5 31. Qe2 Qxd5 32. Qa6 h6 33. Rxa5 Qd2 34.
Qc8+ Kh7 35. Rg1 h5 36. Ra8 Kh6 37. h4 g6 38. fxg6 fxg6 39. Qf8+ 1-0

[Event "SWE-ch U20"]
[Site "Stockholm"]
[Date "2017.07.10"]
[Round "3"]
[White "Tuomainen, Felix"]
[Black "Berglind, Axel"]
[Result "1/2-1/2"]
[WhiteElo "2294"]
[BlackElo "2150"]
[PlyCount "119"]
[EventDate "2017.07.08"]
[EventType "swiss"]
[EventRounds "9"]
[EventCountry "SWE"]
[SourceTitle "EXT 2018"]
[Source "ChessBase"]
[SourceDate "2017.10.13"]
[SourceVersion "1"]
[SourceVersionDate "2017.10.13"]
[SourceQuality "1"]
1. d4 d5 2. c4 c6 3. Nf3 Nf6 4. e3 e6 5. Nbd2 Nbd7 6. Bd3 Bd6 7. O-O O-O 8. e4
dxe4 9. Nxe4 Nxe4 10. Bxe4 c5 11. Bc2 cxd4 12. Qxd4 Bc5 13. Qd3 Nf6 14. Qe2 Bd7
15. Ne5 Bc6 16. Nxc6 bxc6 17. Bg5 h6 18. Bh4 Qd4 19. Bg3 Rfd8 20. Rad1 Qg4 21.
Qxg4 Nxg4 22. Be4 Bd4 23. Bxc6 Rac8 24. Bf3 Nf6 25. b3 e5 26. h3 Rc5 27. Kh2
Rd6 28. Be2 Ra6 29. a4 Rb6 30. Rd3 Ne4 31. f3 Nxg3 32. Kxg3 g5 33. Bd1 f5 34.
Bc2 a5 35. Rfd1 f4+ 36. Kh2 Kf7 37. g3 fxg3+ 38. Kxg3 Rf6 39. Rb1 Kg7 40. Rdd1
Rb6 41. Rh1 Rd6 42. Rbd1 Rc8 43. h4 gxh4+ 44. Rxh4 Rf6 45. Rg4+ Kf7 46. Kg2 Rg8
47. Rxg8 Kxg8 48. Rb1 Bc5 49. Be4 Kg7 50. Rd1 Rd6 51. Bd5 Rb6 52. Rb1 Rg6+ 53.
Kh3 Rg1 54. Rb2 Kf6 55. Kh2 Rf1 56. Kg2 Rg1+ 57. Kh2 Rf1 58. Be4 Rf2+ 59. Rxf2
Bxf2 60. Kg2 1/2-1/2

[Event "SWE-ch U20"]
[Site "Stockholm"]
[Date "2017.07.10"]
[Round "3"]
[White "Seo, Jung Min"]
[Black "Grueso Cordoba, Santiago"]
[Result "1-0"]
[WhiteElo "2270"]
[BlackElo "2108"]
[PlyCount "67"]
[EventDate "2017.07.08"]
[EventType "swiss"]
[EventRounds "9"]
[EventCountry "SWE"]
[SourceTitle "EXT 2018"]
[Source "ChessBase"]
[SourceDate "2017.10.13"]
[SourceVersion "1"]
[SourceVersionDate "2017.10.13"]
[SourceQuality "1"]
1. e4 c5 2. Nf3 d6 3. c3 Nf6 4. Bc4 g6 5. O-O Bg7 6. Re1 O-O 7. Bf1 Nc6 8. h3
e5 9. d3 b6 10. Nbd2 Bb7 11. Nc4 b5 12. Ne3 a6 13. a4 Qb6 14. Ng4 Nxg4 15. hxg4
Nd8 16. axb5 axb5 17. Rxa8 Bxa8 18. g5 Ne6 19. b4 Bb7 20. Be3 Ra8 21. Qb3 Bc6
22. g3 Qa6 23. Bh3 Bd7 24. Kg2 cxb4 25. cxb4 Qa3 26. Qd5 Ra6 27. Qb7 Bc6 28.
Qc8+ Nf8 29. Rc1 Ba8 30. Rc3 Qa2 31. Rc2 Qa3 32. Rc7 Ra4 33. Be6 fxe6 34. Qe8
1-0

[Event "SWE-ch U20"]
[Site "Stockholm"]
[Date "2017.07.10"]
[Round "3"]
[White "Kucuksari, Kaan"]
[Black "Sorensen, Hampus"]
[Result "1-0"]
[WhiteElo "2301"]
[BlackElo "2137"]
[PlyCount "109"]
[EventDate "2017.07.08"]
[EventType "swiss"]
[EventRounds "9"]
[EventCountry "SWE"]
[SourceTitle "EXT 2018"]
[Source "ChessBase"]
[SourceDate "2017.10.13"]
[SourceVersion "1"]
[SourceVersionDate "2017.10.13"]
[SourceQuality "1"]
1. d4 d5 2. Nf3 Nf6 3. c4 c6 4. Qc2 dxc4 5. e4 b5 6. b3 cxb3 7. axb3 Bb7 8. Bd2
a5 9. Bd3 e6 10. O-O Be7 11. Rc1 h6 12. Nc3 Na6 13. e5 Nb4 14. exf6 Nxc2 15.
fxe7 Qxe7 16. Rxc2 O-O 17. Ne4 c5 18. Rxc5 a4 19. b4 f5 20. Nc3 Bxf3 21. gxf3
Qh4 22. Nxb5 Rf6 23. Kf1 Qxh2 24. Ke2 g5 25. Rcc1 Re8 26. Be3 Qh5 27. Rh1 Qg6
28. f4 g4 29. Nd6 Rb8 30. Rxa4 Qg7 31. Rha1 Qe7 32. Nc4 Rxb4 33. Ra8+ Rf8 34.
Bd2 Rbb8 35. R8a6 Qb7 36. Ne5 Ra8 37. Bc4 Qe4+ 38. Be3 Rxa6 39. Rxa6 Rb8 40.
Bxe6+ Kh8 41. Nc4 g3 42. Nd2 Qb7 43. Ra1 g2 44. d5 Qg7 45. Rg1 Qg6 46. f3 Qg3
47. Bd4+ Kh7 48. Bxf5+ Kg8 49. Ne4 Qh2 50. Kf2 Qh4+ 51. Kxg2 Kf8 52. Bg4 Qd8
53. Nf6 Ra8 54. Kh3 Qd6 55. Bc5 1-0

[Event "SWE-ch U20"]
[Site "Stockholm"]
[Date "2017.07.09"]
[Round "2"]
[White "Pantzar, Milton"]
[Black "Seo, Jung Min"]
[Result "0-1"]
[WhiteElo "2313"]
[BlackElo "2270"]
[PlyCount "148"]
[EventDate "2017.07.08"]
[EventType "swiss"]
[EventRounds "9"]
[EventCountry "SWE"]
[SourceTitle "EXT 2018"]
[Source "ChessBase"]
[SourceDate "2017.10.13"]
[SourceVersion "1"]
[SourceVersionDate "2017.10.13"]
[SourceQuality "1"]
1. d4 Nf6 2. c4 e6 3. Nc3 Bb4 4. Qc2 d5 5. cxd5 Nxd5 6. e4 Nxc3 7. bxc3 Be7 8.
Nf3 c5 9. Bb5+ Bd7 10. Bd3 cxd4 11. cxd4 Nc6 12. a3 Qa5+ 13. Bd2 Nb4 14. Bxb4
Bxb4+ 15. Ke2 Bd6 16. Rhc1 h6 17. e5 Be7 18. Be4 O-O 19. Qc7 Qa4 20. Bc2 Qb5+
21. Bd3 Qd5 22. Qc4 Bc6 23. Qxd5 Bxd5 24. Ke3 Rfc8 25. a4 Rc6 26. Be4 Bxe4 27.
Kxe4 Rac8 28. Rxc6 Rxc6 29. Rb1 b6 30. Kd3 f6 31. Nd2 fxe5 32. dxe5 Rc5 33. Rb5
Rc1 34. Rb1 Rc8 35. Ne4 Rd8+ 36. Kc4 Rd5 37. Rb5 Rd1 38. Rb3 Re1 39. Re3 Rxe3
40. fxe3 a6 41. g4 Kf8 42. h3 Ke8 43. Nd2 Bc5 44. e4 Kd7 45. Nb3 Bf2 46. Nd2
Kc6 47. Nb3 Kc7 48. Nc1 Be1 49. Nb3 Bg3 50. Nd4 Kd7 51. Nf3 g6 52. Kb4 Bf2 53.
Kc4 Kc6 54. Kb4 b5 55. axb5+ axb5 56. h4 Kb6 57. h5 g5 58. Kc3 Kc5 59. Kd3 Kb4
60. Ke2 Bc5 61. Kd3 Kb3 62. Nd2+ Kb2 63. Nf1 Kc1 64. Kc3 Kd1 65. Ng3 b4+ 66.
Kb3 Kd2 67. Nf5 exf5 68. exf5 Bd4 69. e6 Bf6 70. Kxb4 Ke3 71. Kc5 Kf4 72. Kd6
Kxg4 73. e7 Bxe7+ 74. Kxe7 Kxf5 0-1

[Event "SWE-ch U20"]
[Site "Stockholm"]
[Date "2017.07.09"]
[Round "2"]
[White "Storme, Isak"]
[Black "Tuomainen, Felix"]
[Result "1/2-1/2"]
[WhiteElo "2129"]
[BlackElo "2294"]
[PlyCount "120"]
[EventDate "2017.07.08"]
[EventType "swiss"]
[EventRounds "9"]
[EventCountry "SWE"]
[SourceTitle "EXT 2018"]
[Source "ChessBase"]
[SourceDate "2017.10.13"]
[SourceVersion "1"]
[SourceVersionDate "2017.10.13"]
[SourceQuality "1"]
1. e4 e6 2. d4 d5 3. Nc3 Nf6 4. e5 Nfd7 5. f4 c5 6. Nf3 Nc6 7. Be3 Be7 8. Qd2
O-O 9. dxc5 Qa5 10. O-O-O b6 11. Bb5 Ndb8 12. cxb6 Bb4 13. bxa7 Nxa7 14. Bd3
Ba6 15. a3 Bxd3 16. Qxd3 Bxc3 17. Qxc3 Qxc3 18. bxc3 Nb5 19. Kd2 Rc8 20. Bd4
Nc6 21. Rb1 Ncxd4 22. cxd4 Nxa3 23. Rbc1 Rab8 24. Ne1 Rb2 25. Rf1 Nb1+ 26. Ke3
Na3 27. Kd2 Rb4 28. Kd3 Nb5 29. Nf3 Nc3 30. Ra1 h6 31. Ra3 Ne4 32. Rfa1 Kh7 33.
Ne1 Rcc4 34. Nf3 Rb2 35. Rc1 g5 36. fxg5 hxg5 37. h4 g4 38. Ng5+ Nxg5 39. hxg5
Rbb4 40. c3 Rb2 41. Rc2 Rxc2 42. Kxc2 Kg6 43. Ra7 Rc8 44. Kd3 Rf8 45. c4 dxc4+
46. Kxc4 Rh8 47. d5 exd5+ 48. Kxd5 Rh2 49. Ra2 Kxg5 50. Rf2 g3 51. Rxf7 Rxg2
52. e6 Re2 53. Rg7+ Kf6 54. Rxg3 Rd2+ 55. Kc4 Kxe6 56. Rd3 Rc2+ 57. Rc3 Rb2 58.
Rb3 Rc2+ 59. Rc3 Rd2 60. Rd3 Rxd3 1/2-1/2